000 00581cam a22002053a 4500
001 42401
003 PGUSA
005 20140828083948.0
008 130324s2013||||xxu|||||s|||||000 | eng d
040 _aPGUSA
_beng
042 _adc
100 1 _aBeckford, William,
_d1760-1844
245 1 0 _aVathek :
_bAn Arabian Tale
_h[electronic resource] /
_cWilliam Beckford
260 _bProject Gutenberg,
_c2013
506 _aPublic domain in the USA.
516 _aElectronic text
830 0 _aProject Gutenberg
_v42401
856 4 0 _uhttp://www.gutenberg.org/ebooks/42401
942 _cEB
999 _c271653
_d271653